[Event "AUTO-OPEN-4362"]
[Site "http://www.queenalice.com/game.php?id=1787265"]
[Date "2022.4.18"]
[Round "1"]
[White "chessman"]
[Black "Luckyluke"]
[Result "0-1"]
[WhiteElo "1991"]
[BlackElo "1602"]

1. e4 e5 2. Nf3 Nc6 3. Bb5 a6 4. Bxc6 dxc6 5. Nxe5 Qd4 6. Nf3 Qxe4+ 7. Qe2 Qxe2+
8. Kxe2 b6 9. Re1 Bb7 10. Kf1+ Ne7 11. d4 f6 12. c4 O-O-O 13. Nc3 Nf5 14. Be3 h5
15. a3 g5 16. Rad1 g4 17. Ng1 a5 18. d5 cxd5 19. cxd5 Re8 20. Bf4 Ba6+ 21. Nge2
Bc5 22. Rd2 h4 23. Kg1 g3 24. hxg3 hxg3 0-1

[Event "Challenge"]
[Site "http://www.queenalice.com/game.php?id=1788151"]
[Date "2022.5.2"]
[Round "-"]
[White "Luckyluke"]
[Black "lmtz"]
[Result "1-0"]
[WhiteElo "1948"]
[BlackElo "2636"]

1. e4 c5 2. Nf3 d6 3. d4 cxd4 4. Nxd4 Nf6 5. Nc3 a6 6. Bg5 e6 7. f4 Nbd7 8. Qe2
Qc7 9. O-O-O b5 10. a3 Bb7 11. g4 Be7 12. Kb1 h6 13. Bh4 Rc8 14. Rg1 g6 15. f5
e5 16. Nb3 gxf5 17. gxf5 Nxe4 18. Nxe4 Bxe4 19. Qxe4 Bxh4 20. f6 Bxf6 21. Qf5
Ke7 22. Bh3 Rhg8 23. Rgf1 Rg6 24. Qf2 Rcg8 25. Qf3 Nb6 26. Bf5 d5 27. Bxg6 Rxg6
28. h4 e4 29. Qf2 h5 30. Nd4 Ke8 31. Nf5 Na4 32. c3 Nxc3+ 33. bxc3 Qxc3 34. Nd4
Qxa3 35. Qc2 Qb4+ 36. Qb3 Qxb3+ 37. Nxb3 Bc3 38. Nd4 Rd6 39. Rf5 1-0

[Event "AUTO-MASTER-3117"]
[Site "http://www.queenalice.com/game.php?id=1792889"]
[Date "2022.7.21"]
[Round "1"]
[White "alvm"]
[Black "Luckyluke"]
[Result "0-1"]
[WhiteElo "2104"]
[BlackElo "2077"]

1. d4 Nf6 2. c4 g6 3. Nc3 d5 4. cxd5 Nxd5 5. e4 Nxc3 6. bxc3 Bg7 7. Bc4 c5 8.
Ne2 Nc6 9. Be3 O-O 10. O-O Bg4 11. f3 Bd7 12. Qd2 Qa5 13. Rab1 cxd4 14. Nxd4 b6
15. Nb3 Qxc3 16. Qxc3 Bxc3 17. Rfd1 Rfd8 18. Bd5 Rac8 19. Rbc1 Nb4 20. a3 Nxd5
21. Rxd5 e6 22. Rd3 Bf6 23. Rcd1 Ba4 24. Rxd8+ Bxd8 25. Rd3 Bb5 26. Rd2 e5 27.
Kf2 Be7 28. g3 Rc3 29. a4 Bxa4 30. Ra2 Bxb3 31. Rxa7 Rc2+ 32. Ke1 Bb4+ 33. Kf1
Bc4+ 34. Kg1 b5 35. Bh6 Bc5+ 0-1

[Event "AUTO-MASTER-3117"]
[Site "http://www.queenalice.com/game.php?id=1792890"]
[Date "2022.7.21"]
[Round "1"]
[White "Luckyluke"]
[Black "alvm"]
[Result "1-0"]
[WhiteElo "2028"]
[BlackElo "2100"]

1. e4 c6 2. d4 d5 3. e5 Bf5 4. Be3 e6 5. Nd2 Nd7 6. Ngf3 c5 7. c4 Ne7 8. dxc5
Nc6 9. cxd5 exd5 10. Nb3 Ndxe5 11. Nxe5 Nxe5 12. Bb5+ Nc6 13. Qd4 Be6 14. O-O a6
15. Ba4 Be7 16. Qxg7 Bf6 17. Qg3 Qd7 18. Bd4 Bxd4 19. Nxd4 O-O-O 20. Qa3 Rhg8
21. Bxc6 bxc6 22. Qxa6+ Qb7 23. Qd3 Rg6 24. b4 Qxb4 25. Rab1 Qxc5 26. Rfc1 Qd6
27. Rxc6+ Kd7 28. Rxd6+ Kxd6 29. Qa3+ Kd7 30. Rb7+ 1-0

[Event "AUTO-MASTER-3117"]
[Site "http://www.queenalice.com/game.php?id=1792903"]
[Date "2022.7.21"]
[Round "1"]
[White "Luckyluke"]
[Black "MLSChess"]
[Result "1-0"]
[WhiteElo "2105"]
[BlackElo "2538"]

1. e4 e5 2. Nf3 Nc6 3. d4 exd4 4. Nxd4 Nf6 5. Nxc6 bxc6 6. e5 Qe7 7. Qe2 Nd5 8.
c4 Nb6 9. Nc3 Ba6 10. Qe4 Qe6 11. b3 O-O-O 12. Bb2 f6 13. Be2 fxe5 14. a4 Kb8
15. Rd1 Bc5 16. a5 d5 17. Qc2 Nc8 18. O-O d4 19. Na4 Bb4 20. Ba3 Bxa3 21. b4 Qg6
22. Bd3 e4 23. Nc5 exd3 24. Nxa6+ Kb7 25. Nc5+ Ka8 26. Qb3 Nd6 27. a6 Bxb4 28.
Qxb4 Rb8 29. Qa4 Ne4 30. Nxe4 Qxe4 31. Rfe1 Qg6 32. c5 Rhe8 33. Rf1 Qe4 34. h3
Rb5 35. Qc4 Qd5 36. Qxd3 Qxc5 37. Qxh7 Qd6 38. Rfe1 Rxe1+ 39. Rxe1 Rb8 40. Qe4
Qd5 41. Qg6 c5 42. Re8 Qd7 43. Qe4+ c6 44. Re6 Qd5 45. Qg6 d3 46. Rd6 Qc4 47.
Rxd3 Qxa6 48. Kh2 Qb7 49. Rf3 Qc7+ 50. g3 Rd8 51. h4 Kb7 52. Qe6 Rd7 53. Rb3+
Ka8 54. Kg2 Rd8 55. h5 Qd7 56. Qxd7 Rxd7 57. g4 c4 58. Rb1 Rb7 59. Rxb7 Kxb7 60.
Kf3 a5 61. Ke3 a4 62. Kd4 Kc7 63. g5 a3 64. Kc3 Kd7 65. h6 1-0

[Event "AUTO-MASTER-3117"]
[Site "http://www.queenalice.com/game.php?id=1792904"]
[Date "2022.7.21"]
[Round "1"]
[White "MLSChess"]
[Black "Luckyluke"]
[Result "1-0"]
[WhiteElo "2470"]
[BlackElo "1969"]

1. e4 e5 2. Nf3 Nc6 3. Bb5 a6 4. Ba4 Nf6 5. O-O Be7 6. Re1 b5 7. Bb3 O-O 8. c3
d5 9. exd5 Nxd5 10. Nxe5 Nxe5 11. Rxe5 c6 12. d3 Bd6 13. Re1 Bf5 14. Qf3 Qh4 15.
g3 Qh3 16. Nd2 Rae8 17. Ne4 Bg4 18. Qg2 Qxg2+ 19. Kxg2 f5 20. h3 Bh5 21. Bf4
Bxf4 22. gxf4 fxe4 23. dxe4 Bf3+ 24. Kxf3 Rxf4+ 25. Kg3 Rfxe4 26. Rxe4 Rxe4 27.
f3 Re2 28. c4 bxc4 29. Bxc4 1-0

[Event "AUTO-MASTER-3117"]
[Site "http://www.queenalice.com/game.php?id=1792905"]
[Date "2022.7.21"]
[Round "1"]
[White "Luckyluke"]
[Black "bishop55"]
[Result "0-1"]
[WhiteElo "2112"]
[BlackElo "2287"]

1. e4 c5 2. Nf3 d6 3. d4 cxd4 4. Nxd4 Nf6 5. Nc3 a6 6. Be3 e5 7. Nb3 Be6 8. f3
h5 9. Nd5 Bxd5 10. exd5 g6 11. Qd2 Nbd7 12. O-O-O Nb6 13. Kb1 Nbxd5 14. Bg5 Be7
15. g3 Nb6 16. Bd3 Qc7 17. f4 O-O-O 18. c4 Kb8 19. fxe5 dxe5 20. c5 Ne4 21. Qa5
Nxc5 22. Bxe7 Nxd3 23. Bxd8 Rxd8 24. Nc5 Rd5 25. Rxd3 Rxc5 26. Qd2 Nc4 27. Qf2
f5 28. Rd8+ Qxd8 29. Qxc5 b5 0-1

[Event "AUTO-MASTER-3117"]
[Site "http://www.queenalice.com/game.php?id=1792906"]
[Date "2022.7.21"]
[Round "1"]
[White "bishop55"]
[Black "Luckyluke"]
[Result "1/2-1/2"]
[WhiteElo "2279"]
[BlackElo "2097"]

1. e4 c5 2. Nf3 Nc6 3. Bb5 g6 4. O-O Bg7 5. Re1 e5 6. Bxc6 dxc6 7. d3 Qc7 8. Be3
b6 9. a3 a5 10. Nbd2 Nf6 11. b4 Ng4 12. bxc5 Nxe3 13. fxe3 bxc5 14. Nc4 Be6 15.
Nfd2 a4 16. Rb1 O-O 17. Rf1 Rab8 18. Rxb8 Rxb8 19. h3 Qe7 20. Kh2 h5 21. Qf3 Qd8
22. Qg3 Rb5 23. Qf2 Rb8 1/2-1/2

[Event "Challenge"]
[Site "http://www.queenalice.com/game.php?id=1794161"]
[Date "2022.8.12"]
[Round "-"]
[White "Luckyluke"]
[Black "FLeicher"]
[Result "1-0"]
[WhiteElo "1948"]
[BlackElo "1955"]

1. e4 e5 2. f4 exf4 3. Nf3 Nf6 4. e5 Nh5 5. d4 d6 6. Qe2 dxe5 7. Nxe5 Qh4+ 8. g3
Nxg3 9. hxg3 Qxh1 10. Bxf4 Be7 11. Nc3 Bh3 12. O-O-O Nc6 13. Qh5 Bg2 14. Qxf7+
Kd8 15. Qe6 Nb8 16. Nb5 Rf8 17. Nc6+ Bxc6 18. Bxc7+ Ke8 19. Nd6# 1-0

[Event "AUTO-MASTER-3130"]
[Site "http://www.queenalice.com/game.php?id=1797726"]
[Date "2022.10.9"]
[Round "1"]
[White "Luckyluke"]
[Black "Akopian"]
[Result "1-0"]
[WhiteElo "1989"]
[BlackElo "1820"]

1. e4 e5 2. f4 d5 3. exd5 e4 4. d3 exd3 5. Bxd3 Nf6 6. Nc3 Nxd5 7. Bb5+ c6 8.
Qxd5 cxb5 9. Qxd8+ Kxd8 10. Be3 Bb4 11. O-O-O+ Bd7 12. Nd5 Nc6 13. Nf3 Kc8 14.
Nxb4 Nxb4 15. Bc5 Na6 16. Bd6 Bg4 17. Rhe1 Rd8 18. Rd3 1-0

[Event "AUTO-MASTER-3130"]
[Site "http://www.queenalice.com/game.php?id=1797727"]
[Date "2022.10.9"]
[Round "1"]
[White "Akopian"]
[Black "Luckyluke"]
[Result "0-1"]
[WhiteElo "2000"]
[BlackElo "1969"]

1. e4 c5 2. c3 Nf6 3. e5 Nd5 4. d4 cxd4 5. cxd4 d6 6. Nf3 Nc6 7. Bc4 dxe5 8. O-O
exd4 9. Bxd5 Qxd5 10. Nc3 Qc4 11. Na4 Bg4 12. b3 Qd5 13. Ba3 e5 14. Nc3 Bxf3 15.
gxf3 Qd8 16. Bxf8 Rxf8 17. Ne4 f5 0-1

[Event "AUTO-MASTER-3130"]
[Site "http://www.queenalice.com/game.php?id=1797728"]
[Date "2022.10.9"]
[Round "1"]
[White "Luckyluke"]
[Black "chessman"]
[Result "0-1"]
[WhiteElo "2112"]
[BlackElo "2036"]

1. e4 e6 2. d4 d5 3. Nc3 dxe4 4. Nxe4 Nd7 5. Nf3 Ngf6 6. Bd3 Be7 7. Qe2 Nxe4 8.
Bxe4 Nf6 9. Bxb7 Bxb7 10. Qb5+ Qd7 11. Qxb7 O-O 12. c3 Rfb8 13. Qa6 Rb6 14. Qe2
c5 15. dxc5 Bxc5 16. O-O h6 17. b4 Be7 18. a3 a5 19. Ne5 Qc7 20. b5 Qxc3 21. Bb2
Qc7 22. a4 Nd5 23. Rac1 Qd6 24. Nc4 Qd8 25. Nxb6 Qxb6 26. Rfd1 Bf6 27. Rc6 Qd8
28. Bxf6 Qxf6 0-1

[Event "AUTO-MASTER-3130"]
[Site "http://www.queenalice.com/game.php?id=1797729"]
[Date "2022.10.9"]
[Round "1"]
[White "chessman"]
[Black "Luckyluke"]
[Result "0-1"]
[WhiteElo "1986"]
[BlackElo "2064"]

1. e4 e5 2. Nf3 Nc6 3. Bb5 a6 4. Bxc6 dxc6 5. d4 exd4 6. Qxd4 Qxd4 7. Nxd4 Bd7
8. O-O O-O-O 9. Be3 b6 10. Nc3 Ne7 11. f3 Re8 12. a4 c5 13. Nde2 a5 14. Rfd1 f5
15. Bf2 g6 16. Nd5 Nxd5 17. Rxd5 Bc6 18. Rdd1 fxe4 19. fxe4 Rxe4 20. Ng3 Rxa4
0-1

[Event "AUTO-MASTER-3130"]
[Site "http://www.queenalice.com/game.php?id=1797730"]
[Date "2022.10.9"]
[Round "1"]
[White "Luckyluke"]
[Black "tariann"]
[Result "1-0"]
[WhiteElo "2094"]
[BlackElo "2280"]

1. e4 e5 2. f4 d5 3. exd5 exf4 4. Nf3 c6 5. Nc3 Nf6 6. d4 Bd6 7. Qe2+ Qe7 8.
Qxe7+ Kxe7 9. Bc4 Re8 10. O-O Kf8 11. Ne5 Bxe5 12. dxe5 cxd5 13. exf6 dxc4 14.
Nd5 Na6 15. Bxf4 Bd7 16. Bd6+ Kg8 17. Ne7+ Kh8 18. fxg7+ Kxg7 19. Rf3 f5 20.
Nxf5+ Bxf5 21. Rxf5 Re6 22. Be5+ Kg6 23. Raf1 Rae8 24. Bc3 Nc7 25. R5f3 h6 26.
Rg3+ Kh5 27. Rf5+ 1-0

[Event "AUTO-MASTER-3130"]
[Site "http://www.queenalice.com/game.php?id=1797731"]
[Date "2022.10.9"]
[Round "1"]
[White "tariann"]
[Black "Luckyluke"]
[Result "0-1"]
[WhiteElo "2302"]
[BlackElo "1999"]

1. e4 c5 2. Nf3 d6 3. d4 cxd4 4. Nxd4 Nf6 5. Nc3 a6 6. f4 e5 7. Nf3 Qc7 8. Bd3
Be7 9. O-O O-O 10. f5 b5 11. Bg5 Nbd7 12. Qd2 Bb7 13. Rad1 b4 14. Ne2 d5 15. Ng3
dxe4 16. Nxe4 Bxe4 17. Bxe4 Nxe4 18. Qxd7 Qb6+ 19. Kh1 Bxg5 0-1

[Event "AUTO-OPEN-4362"]
[Site "http://www.queenalice.com/game.php?id=1803118"]
[Date "2022.12.31"]
[Round "2"]
[White "Kapablanca"]
[Black "Luckyluke"]
[Result "0-1"]
[WhiteElo "2089"]
[BlackElo "2103"]

1. d4 Nf6 2. c4 g6 3. Nc3 Bg7 4. e4 O-O 5. Nf3 d6 6. Bd3 Bg4 7. O-O Nc6 8. Be3
e5 9. d5 Nd4 10. Bxd4 exd4 11. Nb5 Nd7 12. h3 Bxf3 13. Qxf3 c6 14. Na3 Re8 15.
Nc2 Rc8 16. Rad1 Qa5 17. a3 c5 18. Qg3 b5 19. Qxd6 Ne5 20. f3 bxc4 21. b4 Qa4
0-1

[Event "AUTO-OPEN-4362"]
[Site "http://www.queenalice.com/game.php?id=1803119"]
[Date "2022.12.31"]
[Round "2"]
[White "Luckyluke"]
[Black "Kapablanca"]
[Result "1-0"]
[WhiteElo "2047"]
[BlackElo "2074"]

1. e4 e6 2. d4 d5 3. Nc3 dxe4 4. Nxe4 Nd7 5. Nf3 Ngf6 6. Nxf6+ Nxf6 7. Bg5 Be7
8. Bd3 O-O 9. Qe2 b6 10. Bxf6 Bxf6 11. Qe4 1-0

[Event "AUTO-OPEN-4362"]
[Site "http://www.queenalice.com/game.php?id=1803122"]
[Date "2022.12.31"]
[Round "2"]
[White "wudang"]
[Black "Luckyluke"]
[Result "1-0"]
[WhiteElo "2685"]
[BlackElo "2113"]

1. e4 c5 2. Nf3 e6 3. d4 cxd4 4. Nxd4 Nf6 5. Nc3 Nc6 6. Nxc6 bxc6 7. e5 Nd5 8.
Nxd5 cxd5 9. Bd3 Qc7 10. Qe2 Bb4+ 11. Kf1 a5 12. h4 1-0

[Event "AUTO-OPEN-4362"]
[Site "http://www.queenalice.com/game.php?id=1803123"]
[Date "2022.12.31"]
[Round "2"]
[White "Luckyluke"]
[Black "wudang"]
[Result "0-1"]
[WhiteElo "2115"]
[BlackElo "2642"]

1. e4 c5 2. Nf3 e6 3. d4 cxd4 4. Nxd4 a6 5. Bd3 Bc5 6. Nb3 Ba7 7. O-O Nc6 8. Qe2
Qc7 9. Be3 Bxe3 10. Qxe3 Nf6 11. c4 O-O 12. Nc3 b6 13. Rfd1 d6 14. Rac1 Ne5 15.
Bf1 Rd8 16. Nd4 Neg4 17. Qg3 Bb7 18. f4 Nh6 19. Qe1 Rac8 20. h3 Kh8 21. b4 Nhg8
22. f5 Qe7 0-1

[Event "Try, try again"]
[Site "http://www.queenalice.com/game.php?id=1810453"]
[Date "2023.4.22"]
[Round "-"]
[White "FLeicher"]
[Black "Luckyluke"]
[Result "0-1"]
[WhiteElo "2050"]
[BlackElo "2119"]

1. e4 e5 2. Bc4 Nf6 3. d4 exd4 4. Nf3 Nc6 5. Nxd4 Nxe4 6. O-O d5 7. Nxc6 bxc6 8.
Re1 Bc5 9. Be3 Bxe3 10. Rxe3 O-O 11. Bb3 Qf6 12. Nc3 Qxf2+ 0-1

[Event "AUTO-MASTER-3130"]
[Site "http://www.queenalice.com/game.php?id=1811133"]
[Date "2023.5.3"]
[Round "2"]
[White "Luckyluke"]
[Black "somchess"]
[Result "0-1"]
[WhiteElo "2121"]
[BlackElo "2318"]

1. e4 c5 2. Nf3 a6 3. c3 d5 4. exd5 Qxd5 5. d4 cxd4 6. cxd4 e6 7. Nc3 Qd8 8. Bd3
Nf6 9. O-O Be7 10. Bf4 Nc6 11. Re1 O-O 0-1

[Event "AUTO-MASTER-3130"]
[Site "http://www.queenalice.com/game.php?id=1811134"]
[Date "2023.5.3"]
[Round "2"]
[White "somchess"]
[Black "Luckyluke"]
[Result "1-0"]
[WhiteElo "2311"]
[BlackElo "2128"]

1. d4 Nf6 2. c4 e6 3. Nf3 d5 4. Nc3 dxc4 5. e3 a6 6. Bxc4 b5 7. Bd3 Bb7 8. e4 c5
9. dxc5 Bxc5 10. e5 Nd5 11. O-O 1-0